|
|
|
|
| LEADER |
01040nam a2200241 a 4500 |
| 001 |
830727 |
| 008 |
091013s1996 ne a 000 0 eng b |
| 020 |
|
|
|a 9789055890569
|
| 020 |
|
|
|a 9055890561
|
| 040 |
|
|
|a DNLM
|c DNLM
|
| 082 |
|
|
|a 339.4/861510954
|2 21
|
| 245 |
0 |
0 |
|a Enhancing appropriate medicine use in the Karakoram Mountains /
|c Zeba A. Rasmussen ... [et al.].
|
| 260 |
|
|
|a Amsterdam :
|b Het Spinhuis,
|c 1996.
|
| 300 |
|
|
|a xiv, 158 p. :
|b ill. ;
|c 23 cm.
|
| 490 |
0 |
|
|a Community drug use studies
|
| 541 |
1 |
|
|e 00012459
|
| 650 |
1 |
2 |
|a Drug Utilization
|x trends
|
| 651 |
|
2 |
|a India
|
| 700 |
1 |
|
|a Rasmussen, Zeba A.
|
| 852 |
4 |
|
|a Ayesha Abed Library
|j General shelf
|
| 999 |
|
|
|c 4925
|d 4925
|
| 952 |
|
|
|0 0
|1 0
|2 ddc
|4 0
|6 339_486151095400000_ENH
|7 0
|9 4743
|a BRACUL
|b BRACUL
|c GEN
|d 2009-10-28
|g 0.00
|l 0
|o 339.4861510954 ENH
|p 3010012459
|r 2009-10-28
|t 1
|w 2009-10-28
|y BK
|x No price found in the accession register.
|
| 952 |
|
|
|0 0
|1 0
|2 ddc
|4 0
|6 339_486151095400000_ENH
|7 0
|9 43344
|a SCL
|b SCL
|c GEN
|d 2005-03-01
|l 0
|o 339.4861510954 ENH
|p 3020005221
|r 2014-07-22
|t 2
|w 2014-07-22
|y BK
|